Statistics for 1990s American TV Trivia

Click here to take the quiz!

General Stats

  • This quiz has been taken 9,244 times
    (4,666 since last reset)
  • The average score is 12 of 20

Answer Stats

QuestionAnswer% Correct
What is the title of the theme song to "Friends"?I'll Be There For You
86%
What was the name of the "Warrior Princess" of ancient Greece?Xena
85%
Who was Dana Scully's partner?Fox Mulder
75%
Who said "No Soup for You"?The Soup Nazi
73%
What was Al's job on "Married... with Children"?{Shoe} Salesman
68%
What teen drama starred James Van Der Beek and Katie Holmes?Dawson's Creek
65%
What "medicine woman" was portrayed by Jane Seymour?Dr. Quinn
63%
What are Blossom, Bubbles, and Buttercup known as collectively?The Powerpuff Girls
62%
What show starred Neil Patrick Harris?Doogie Howser, M.D.
61%
Who was Wayne's best friend in the SNL skit "Wayne's World"?Garth
61%
Who shot Mr. Burns?Maggie Simpson
60%
Whose catchphrase was "Did I Do That"?Steve Urkel
59%
Who was the original host of the U.S. version of "Who Wants to be a Millionaire"?Regis Philbin
59%
What was the first TV show to have openly-gay lead characters?Will & Grace
56%
I whistled for a cab and when it came near, the license plate said what?Fresh
49%
Who was the sensei of the Ninja Turtles?Master Splinter
47%
What teen heartthrob played the middle son in "Home Improvement"?Jonathan Taylor Thomas
47%
What "real and spectacular" actress starred as Lois Lane?Teri Hatcher
46%
What was the name of Kevin's main love interest on "The Wonder Years"?Winnie Cooper
45%
What show had a very special episode where Jessie Spano sang
"I'm so excited ... I'm so scared"?
Saved by the Bell
39%

Score Distribution

Percentile by Number Answered

Percent of People with Each Score

Your Score History

You have not taken this quiz since the last reset